000 02338cam a22005174i 4500
003 PE-LiUPU
005 20250731172954.0
008 150616s1968 ag r 000 0 spa d
035 _a(Sirsi) a2155
040 _aPE-LiUPU
_bspa
_cPE-LiUPU
_erda
049 _aPRUA
082 0 4 _a253.2
_bR71
_221
100 1 _aRobleto D., Adolfo,
_eautor.
245 1 3 _aEl sermón evangelístico y el evangelista /
_cAdolfo Robleto D.
264 1 _aBuenos Aires :
_bCasa Bautista de Publicaciones,
_c1968.
300 _a65 páginas ;
_c19 centímentros
336 _atext
_2rdacontent
337 _aunmediated
_2rdamedia
338 _avolume
_2rdacarrier
505 0 _aLa tarea de predicar -- El sermón evangélicos -- La persona del evangelista -- Dos ejemplos de sermones evangélicos en el nuevo testamento -- Etapas básicas en una campaña evangélicos.
526 _aSEG42
526 _aSEG41
526 _aSEG40
526 _aSEG39
526 _aP94
526 _aP87
526 _aP86
526 _aP85
526 _aP77
526 _aP76
526 _aP35
650 0 4 _aEvangelismo público.
910 _ajck
_bjvq
_cjck
942 _2ddc
_cBOOK
949 _a253.2 R71
_wDEWEY
_c1
_i14823
_lCCODEBUL1
_mBUL
_p20.00
_r0
_sY
_tBOOK
_u19761026
_xTEOLOGIA
_zUNKNOWN
_0COMPRA
_o.STAFF. Colección Teología
949 _a253.2 R71
_wDEWEY
_c2
_i18952
_lCCODEBUL1
_mBUL
_p20.00
_r0
_sY
_tBOOK
_u2015-04-23
_xBIBLIOTECA
_zUNKNOWN
_0COMPRA
_o.STAFF. Colección Teología
949 _a253.2 R71
_wDEWEY
_c3
_i14824
_lCCODEBUL1
_mBUL
_p20.00
_r0
_sY
_tBOOK
_u2015-04-23
_xBIBLIOTECA
_zUNKNOWN
_0COMPRA
_o.STAFF. Colección Teología
994 _aC0
_bPEPRU
596 _a1
999 _a253.2 R71
_wDEWEY
_c22024
_i14823
_d22024
_f2021-11-12
_g5
_lCCODEBUL1
_mBUL
_q2
_r0
_sY
_tBOOK
_u2015-6-16
_xTEOLOGIA
_zUNKNOWN
_0COMPRA
_o.STAFF. Colección General
999 _a253.2 R71
_wDEWEY
_c2
_i18952
_d2019-1-7
_f2021-11-12
_g5
_lCCODEBUL1
_mBUL
_q2
_r0
_sY
_tBOOK
_u2015-4-23
_xTEOLOGIA
_zUNKNOWN
_0COMPRA
_o.STAFF. Colección General
999 _a253.2 R71
_wDEWEY
_c3
_i14824
_d2019-1-8
_e2017-6-8
_f2021-11-12
_g5
_lCCODEBUL1
_mBUL
_n2
_p20.00
_q1
_r0
_sY
_tBOOK
_u2015-4-23
_xTEOLOGIA
_PP35
_0COMPRA
_o.STAFF. Colección Teología
980 _81
_gALBERTO SANCHEZ Responsable de Automatización